000 00288nam a2200121 i 4500
001 bg
245 0 _aMaterial and structures responses to dynamical Loadings.
260 _aWrocław,
_c1976.
040 _cBPK
041 _apol
942 _cKS
008 s pl f |000 0 pol
999 _c16872
_d16872
856 _uhttp://koha.tu.koszalin.pl/cgi-bin/koha/opac-detail.pl?biblionumber=16872
_yKatalog online BPK